000 00695nam a22002297a 4500
003 UA-OsUOA
001 89363
007 ta
008 20121105b un ||||| |||| 00| 0 ukr d
100 _aДмитрук К.
090 _a821.161.2
_bД53
942 _cBK
040 _aUA-OsUOA
_bukr
_cUA-OsUOA
_dUA-OsUOA
245 _aЖовто-блакитні банкроти
_bдокументальні нариси, памфлети, публіцистичні статті
300 _a399 с.
955 _a3
041 _aukr
080 _a821.161.2
260 _aК.
_bДніпро
_c1982
650 7 _a82 Література. Літературознавство
_2UDC
999 _c375648
_d375648